000 00905nam a2200253 i 4500
001 bg
100 1 _aFiedorowicz, Grzegorz
_d(1931- ).
245 1 0 _aTechnika w chowie bydła z podstawowymi elementami zootechniki :
_bmonografia /
_cGrzegorz Fiedorowicz ; Instytut Budownictwa, Mechanizacji i Elektryfikacji Rolnictwa.
260 _aWarszawa :
_bInstytut Budownictwa, Mechanizacji i Elektryfikacji Rolnictwa,
_c2007.
300 _a290 s. :
_bil. ;
_c30 cm.
504 _aBibliogr. przy rozdz.
546 _aStreszcz. ang.
650 9 _aZootechnika
015 _aPB 25005/2007
020 _a9788389806185
040 _cBPK
041 0 _apol
_beng
044 _aPOL
080 _a636
920 _a978-83-89806-18-5
942 _cKS
008 071024s2007 pl a |000 0 pol
999 _c54982
_d54982
856 _uhttp://koha.tu.koszalin.pl/cgi-bin/koha/opac-detail.pl?biblionumber=54982
_yKatalog online BPK